| 000 | 00585nam a2200169 i 4500 | ||
|---|---|---|---|
| 001 | 44654 | ||
| 003 | ES-MaACL | ||
| 005 | 20230906161054.0 | ||
| 007 | t| | ||
| 008 | 030324s1895 it ||||1| ita d | ||
| 100 | 1 |
_aCimbali, Enrico. _938840 |
|
| 245 | 1 | 3 |
_aLa nuova fase del diritto civil _b: le nei rapporti economici e sociali con proposte di reforma della legislazione civile vigente / _cEnrico Cimbali. |
| 250 | _a3ª ed. | ||
| 260 |
_aTorino : _b[s.n., _c1895] ( _fUnione Tipográfico-Elitrice Torinese) |
||
| 300 |
_aXV, 376 p., 1 lám. ; _c25 cm. |
||
| 852 |
_aES-MaACL _jF-9372 |
||
| 999 |
_c44654 _d44654 |
||